Population and the new biology : proceedings of the tenth annual symposium of the Eugenics Society, London, 1973 /

Bibliographic Details
Corporate Author: Eugenics Society (London, England)
Other Authors: Benjamin, Bernard, 1910-, Cox, Peter R., Peel, John
Format: Book
Language:English
Published: London ; New York : Academic Press, 1974.
Subjects:

MARC

Tag First Indicator Second Indicator Subfields
LEADER 00000cam a2200000 i 4500
001 in00000282113
005 20151010083945.0
008 750129s1974 enka b 10100 eng d
010 |a  75301306  
015 |a GB*** 
020 |a 0120883406 
035 |a (OCoLC)01207463 
035 |9 ABG0950AM 
040 |a DLC  |c DLC  |d TXA  |d UtOrBLW 
049 |a TXAM  |c [1340381] 
050 0 0 |a QH333  |b .P64 
082 0 |a 301.24/3 
245 0 0 |a Population and the new biology :  |b proceedings of the tenth annual symposium of the Eugenics Society, London, 1973 /  |c edited by Bernard Benjamin, Peter R. Cox, John Peel. 
264 1 |a London ;  |a New York :  |b Academic Press,  |c 1974. 
300 |a x, 187 pages :  |b illustrations ;  |c 24 cm. 
336 |a text  |b txt  |2 rdacontent 
337 |a unmediated  |b n  |2 rdamedia 
338 |a volume  |b nc  |2 rdacarrier 
504 |a Includes bibliographies and index. 
650 0 |a Biology  |x Social aspects  |x Congresses. 
650 0 |a Population  |v Congresses. 
650 0 |a Birth control  |v Congresses. 
700 1 |a Benjamin, Bernard,  |d 1910- 
700 1 |a Cox, Peter R. 
700 1 |a Peel, John. 
710 2 |a Eugenics Society (London, England) 
999 |a MARS 
999 f f |s 5d615afd-042a-3a48-8bb5-11d642db9e47  |i e1bea10b-5080-3189-bbef-3b014190b42e  |t 0 
952 f f |p ric  |a Texas A&M University  |b Rellis Campus  |c Joint Library Facility  |d Remote Storage  |t 0  |e QH333 .P64  |h Library of Congress classification  |i unmediated -- volume  |m A14804842906 
998 f f |a QH333 .P64  |t 0  |l Remote Storage